Svařování hřídele z oceli 12 050

Bibliographic Details
Main Author: Jakubčík, Libor (Author)
Format: Article
Language:Czech

MARC

LEADER 00000nab a2200000ua 4500
001 vtls010813192
003 SK-MaSNL
005 20260303153247.0
008 230222s1996 xo |||||||||||||||||cze|
035 |a (urnnbn)urn:nbn:sk:snk:ar-005v7q 
035 |a urn:nbn:sk:snk-ab5ibg 
035 |a (uuid)1bf34330-97f3-4dcf-bf0b-898e8d9c0c85 
040 |a SNKBUCL  |b slo  |c SNKBUCL  |e AACR2 
041 0 |a cze 
044 |a xo  |c SK 
100 1 |a Jakubčík, Libor  |4 aut  |9 899963 
245 1 0 |a Svařování hřídele z oceli 12 050  |c Libor Jakubčík 
773 0 |t Zváranie : odborný časopis československých zváračov  |g Roč. 45, č. 11 (1996), s. 256-258 
954 |a odborná, vedecká literatúra pôvodná (slovenská)  |2 lita 
954 |a odborná, vedecká literatúra cudzojazyčná (svetová)  |2 lita 
958 |a OND 
958 |a EUIPO 
958 |a article5 
999 |c 2027607  |d 2029537